[Event "MESRRK"]
[Site "?"]
[Date "2018.05.27"]
[Round "7.9"]
[White "Kovarikova, Maria"]
[Black "Kapicakova, Lucia"]
[Result "1-0"]
[BlackElo "1403"]
[WhiteElo "1236"]
[LiveChessVersion "1.4.8"]

1. e4 {[%clk 0:20:19]} g6 {[%clk 0:20:18]} 2. d4 {[%clk 0:20:26]} Bg7
{[%clk 0:20:26]} 3. f4 {[%clk 0:20:16]} d6 {[%clk 0:20:23]} 4. Nc3
{[%clk 0:20:16]} Nd7 {[%clk 0:20:05]} 5. Nf3 {[%clk 0:20:17]} Ngf6
{[%clk 0:19:49]} 6. Bd3 {[%clk 0:20:15]} O-O {[%clk 0:19:45]} 7. h3
{[%clk 0:19:49]} c6 {[%clk 0:18:28]} 8. Be3 {[%clk 0:19:51]} Qc7 {[%clk 0:18:22]}
9. O-O {[%clk 0:19:50]} e5 {[%clk 0:17:57]} 10. f5 {[%clk 0:17:27]} Re8
{[%clk 0:16:49]} 11. dxe5 {[%clk 0:15:57]} Nxe5 {[%clk 0:16:06]} 12. Nxe5
{[%clk 0:15:54]} dxe5 {[%clk 0:15:12]} 13. Qf3 {[%clk 0:14:38]} Qe7
{[%clk 0:13:02]} 14. g4 {[%clk 0:13:29]} Nd7 {[%clk 0:12:07]} 15. g5
{[%clk 0:12:36]} f6 {[%clk 0:11:23]} 16. h4 {[%clk 0:12:13]} Rf8 {[%clk 0:10:51]}
17. Qg4 {[%clk 0:09:54]} Nb6 {[%clk 0:09:55]} 18. h5 {[%clk 0:09:32]} Qf7
{[%clk 0:09:09]} 19. hxg6 {[%clk 0:06:24]} hxg6 {[%clk 0:09:05]} 20. Qe2
{[%clk 0:06:00]} gxf5 {[%clk 0:07:41]} 21. exf5 {[%clk 0:05:58]} Qe7
{[%clk 0:06:55]} 22. Bxb6 {[%clk 0:05:58]} axb6 {[%clk 0:06:59]} 23. Bc4+
{[%clk 0:06:05]} Rf7 {[%clk 0:06:40]} 24. Bxf7+ {[%clk 0:06:05]} Kxf7
{[%clk 0:06:41]} 25. g6+ {[%clk 0:06:09]} Ke8 {[%clk 0:06:39]} 26. Rad1
{[%clk 0:05:46]} Qc5+ {[%clk 0:06:39]} 27. Qf2 {[%clk 0:05:50]} Qb4
{[%clk 0:06:31]} 28. Qg3 {[%clk 0:04:56]} Ra5 {[%clk 0:06:06]} 29. a3
{[%clk 0:04:19]} Qc5+ {[%clk 0:05:30]} 30. Qf2 {[%clk 0:04:19]} Bd7
{[%clk 0:04:49]} 31. Ne4 {[%clk 0:03:49]} Qxf2+ {[%clk 0:04:38]} 32. Rxf2
{[%clk 0:03:52]} Ke7 {[%clk 0:04:21]} 33. Rfd2 {[%clk 0:03:36]} Bxf5
{[%clk 0:04:20]} 34. Nd6 {[%clk 0:03:11]} Bxg6 {[%clk 0:04:20]} 35. Nc8+
{[%clk 0:02:34]} Ke6 {[%clk 0:03:57]} 36. Rd6+ {[%clk 0:02:29]} Kf7
{[%clk 0:03:39]} 37. Rd7+ {[%clk 0:02:31]} Kg8 {[%clk 0:03:39]} 38. Ne7+
{[%clk 0:02:27]} Kh7 {[%clk 0:03:42]} 39. R1d2 {[%clk 0:01:57]} Kh6
{[%clk 0:03:09]} 40. Rh2+ {[%clk 0:02:01]} Bh5 {[%clk 0:02:58]} 41. Ng8+
{[%clk 0:01:34]} Kg6 {[%clk 0:02:51]} 42. Ne7+ {[%clk 0:01:35]} Kg5
{[%clk 0:02:46]} 43. Rg2+ {[%clk 0:01:16]} Bg4 {[%clk 0:02:50]} 44. Ng8
{[%clk 0:01:17]} Bf8 {[%clk 0:02:44]} 45. b4 {[%clk 0:00:38]} Rxa3
{[%clk 0:02:43]} 46. Rf7 {[%clk 0:00:42]} Bxb4 {[%clk 0:02:37]} 47. Rg7+
{[%clk 0:00:47]} Kf5 {[%clk 0:02:41]} 48. R7xg4 {[%clk 0:00:48]} Bc5+
{[%clk 0:02:47]} 49. Kh2 {[%clk 0:00:51]} e4 {[%clk 0:02:47]} 50. Nh6+
{[%clk 0:00:53]} Ke5 {[%clk 0:02:51]} 51. Re2 {[%clk 0:00:49]} f5
{[%clk 0:02:55]} 52. Rg5 {[%clk 0:00:49]} Kd4 {[%clk 0:02:58]} 53. Nxf5+
{[%clk 0:00:51]} Kc3 {[%clk 0:03:02]} 54. Rg3+ {[%clk 0:00:50]} Kc4
{[%clk 0:03:07]} 55. Rxe4+ {[%clk 0:00:24]} Kb5 {[%clk 0:03:10]} 56. c4+
{[%clk 0:00:25]} Kb4 {[%clk 0:03:13]} 57. Rg2 {[%clk 0:00:27]} Rc3
{[%clk 0:03:15]} 58. Rb2+ {[%clk 0:00:32]} Ka3 {[%clk 0:03:19]} 59. Rb1
{[%clk 0:00:34]} Rc2+ {[%clk 0:03:22]} 60. Kh3 {[%clk 0:00:40]} Ka4
{[%clk 0:03:24]} 61. Re8 {[%clk 0:00:47]} Bb4 {[%clk 0:03:26]} 62. Ra8+
{[%clk 0:00:55]} Ba5 {[%clk 0:03:32]} 63. Nd4 {[%clk 0:00:48]} Rxc4
{[%clk 0:03:35]} 64. Ne6 {[%clk 0:00:52]} Rc3+ {[%clk 0:03:38]} 65. Kg4
{[%clk 0:01:01]} b5 {[%clk 0:03:40]} 66. Ra1+ {[%clk 0:01:07]} Kb4
{[%clk 0:03:42]} 67. R8xa5 {[%clk 0:01:12]} c5 {[%clk 0:03:43]} 68. Nc7
{[%clk 0:01:16]} Rc4+ {[%clk 0:03:45]} 69. Kf5 {[%clk 0:01:24]} Kc3
{[%clk 0:03:47]} 70. Nxb5+ {[%clk 0:01:32]} Kd3 {[%clk 0:03:45]} 71. R5a3+
{[%clk 0:01:38]} Kd2 {[%clk 0:03:48]} 72. R1a2+ {[%clk 0:01:44]} Kd1
{[%clk 0:03:50]} 73. Rh3 {[%clk 0:01:46]} Rc2 {[%clk 0:03:38]} 74. Rh1+
{[%clk 0:01:55]} Kd2 {[%clk 0:03:44]} 75. Rh2+ {[%clk 0:02:04]} Kd3
{[%clk 0:03:49]} 76. Raxc2 {[%clk 0:02:10]} Ke3 {[%clk 0:03:50]} 77. Rc3#
{[%clk 0:02:18]} 1-0

[Event "MESRRK"]
[Site "?"]
[Date "2018.05.27"]
[Round "7.10"]
[White "Pniaczek, Krzysztof"]
[Black "Orgon, Patrik"]
[Result "0-1"]
[BlackElo "1355"]
[WhiteElo "1069"]
[LiveChessVersion "1.4.8"]

1. e4 {[%clk 0:20:18]} d5 {[%clk 0:20:19]} 2. exd5 {[%clk 0:20:25]} Qxd5
{[%clk 0:20:28]} 3. Nc3 {[%clk 0:20:33]} Qd6 {[%clk 0:20:37]} 4. Nf3
{[%clk 0:20:34]} Nf6 {[%clk 0:20:42]} 5. Bc4 {[%clk 0:20:23]} Bf5
{[%clk 0:19:57]} 6. d4 {[%clk 0:19:58]} e6 {[%clk 0:19:56]} 7. O-O
{[%clk 0:19:32]} Be7 {[%clk 0:19:43]} 8. Re1 {[%clk 0:19:03]} O-O
{[%clk 0:19:40]} 9. d5 {[%clk 0:18:22]} exd5 {[%clk 0:18:17]} 10. Nxd5
{[%clk 0:17:22]} Nxd5 {[%clk 0:12:45]} 11. Qxd5 {[%clk 0:16:13]} Bd7
{[%clk 0:08:25]} 12. Qxd6 {[%clk 0:15:14]} Bxd6 {[%clk 0:08:24]} 13. Bg5
{[%clk 0:14:17]} Nc6 {[%clk 0:07:10]} 14. Rad1 {[%clk 0:13:06]} Rfe8
{[%clk 0:06:45]} 15. g3 {[%clk 0:12:10]} h6 {[%clk 0:06:22]} 16. Be3
{[%clk 0:11:13]} Bg4 {[%clk 0:06:09]} 17. Kg2 {[%clk 0:10:45]} Bxf3+
{[%clk 0:05:54]} 18. Kxf3 {[%clk 0:10:22]} Ne5+ {[%clk 0:05:59]} 19. Kg2
{[%clk 0:09:38]} Nxc4 {[%clk 0:06:08]} 20. Bd4 {[%clk 0:09:25]} Ne5
{[%clk 0:05:06]} 21. Bxe5 {[%clk 0:07:27]} Rxe5 {[%clk 0:05:00]} 22. Rxe5
{[%clk 0:06:49]} Bxe5 {[%clk 0:05:09]} 23. b3 {[%clk 0:06:49]} Kf8
{[%clk 0:05:07]} 24. f4 {[%clk 0:06:53]} Bd6 {[%clk 0:05:09]} 25. Kf3
{[%clk 0:06:45]} Rd8 {[%clk 0:04:56]} 26. c4 {[%clk 0:06:39]} Be7
{[%clk 0:05:03]} 27. Rxd8+ {[%clk 0:06:33]} Bxd8 {[%clk 0:05:11]} 28. Ke4
{[%clk 0:06:34]} c6 {[%clk 0:05:17]} 29. a4 {[%clk 0:06:36]} Ke7 {[%clk 0:05:23]}
30. f5 {[%clk 0:06:28]} Bc7 {[%clk 0:05:28]} 31. Kd4 {[%clk 0:06:19]} Bd6
{[%clk 0:05:27]} 32. Ke4 {[%clk 0:06:23]} Kf6 {[%clk 0:05:30]} 33. Kf3
{[%clk 0:05:47]} Kxf5 {[%clk 0:05:38]} 34. h3 {[%clk 0:05:46]} g5
{[%clk 0:05:38]} 35. g4+ {[%clk 0:05:53]} Ke5 {[%clk 0:05:44]} 36. Ke3
{[%clk 0:06:02]} f5 {[%clk 0:05:46]} 37. gxf5 {[%clk 0:06:09]} Kxf5
{[%clk 0:05:54]} 38. Kf3 {[%clk 0:06:06]} h5 {[%clk 0:06:01]} 39. Ke3
{[%clk 0:06:08]} g4 {[%clk 0:06:09]} 40. hxg4+ {[%clk 0:06:15]} hxg4
{[%clk 0:06:17]} 41. Kf2 {[%clk 0:06:23]} g3+ {[%clk 0:06:25]} 42. Ke2
{[%clk 0:06:31]} Ke4 {[%clk 0:06:34]} 43. Ke1 {[%clk 0:06:38]} Bc5
{[%clk 0:06:32]} 44. b4 {[%clk 0:06:44]} Bxb4+ {[%clk 0:06:36]} 45. Kf1
{[%clk 0:06:51]} Kd4 {[%clk 0:06:21]} 46. c5 {[%clk 0:06:55]} Kxc5
{[%clk 0:06:27]} 47. a5 {[%clk 0:07:04]} Kd4 {[%clk 0:06:32]} 48. a6
{[%clk 0:07:13]} bxa6 {[%clk 0:06:31]} 49. Ke2 {[%clk 0:07:17]} Bd6
{[%clk 0:06:37]} 50. Kf3 {[%clk 0:07:26]} a5 {[%clk 0:06:46]} 51. Ke2
{[%clk 0:07:34]} a4 {[%clk 0:06:55]} 52. Kf3 {[%clk 0:07:43]} a3 {[%clk 0:07:04]}
53. Kg4 {[%clk 0:07:52]} a2 {[%clk 0:07:12]} 54. Kh3 {[%clk 0:08:00]} g2
{[%clk 0:06:59]} 55. Kxg2 {[%clk 0:08:02]} a1=Q {[%clk 0:07:05]} 56. Kh3
{[%clk 0:08:09]} Qg1 {[%clk 0:07:04]} 57. Kh4 {[%clk 0:08:18]} Bf4
{[%clk 0:07:03]} 58. Kh5 {[%clk 0:08:23]} Qg5# 0-1

[Event "MESRRK"]
[Site "?"]
[Date "2018.05.27"]
[Round "7.12"]
[White "Orgon, Jakub"]
[Black "Kolimar, Kristof Pal"]
[Result "0-1"]
[BlackElo "1715"]
[WhiteElo "1379"]
[LiveChessVersion "1.4.8"]

1. e4 {[%clk 0:20:10]} c5 {[%clk 0:20:10]} 2. c3 {[%clk 0:20:10]} Nf6
{[%clk 0:20:10]} 3. f3 {[%clk 0:20:11]} e6 {[%clk 0:19:54]} 4. d4
{[%clk 0:20:19]} d5 {[%clk 0:19:53]} 5. e5 {[%clk 0:20:18]} Nfd7 {[%clk 0:20:01]}
6. Be3 {[%clk 0:20:22]} Nc6 {[%clk 0:20:06]} 7. f4 {[%clk 0:20:20]} Qb6
{[%clk 0:20:07]} 8. Qd2 {[%clk 0:19:57]} Be7 {[%clk 0:19:30]} 9. Nf3
{[%clk 0:20:05]} O-O {[%clk 0:19:38]} 10. Bd3 {[%clk 0:19:37]} Qc7
{[%clk 0:19:38]} 11. O-O {[%clk 0:19:38]} a6 {[%clk 0:19:45]} 12. Qc2
{[%clk 0:18:39]} b5 {[%clk 0:19:34]} 13. Bxh7+ {[%clk 0:18:39]} Kh8
{[%clk 0:19:42]} 14. Bd3 {[%clk 0:18:12]} b4 {[%clk 0:18:10]} 15. Ng5
{[%clk 0:15:53]} Bxg5 {[%clk 0:18:03]} 16. fxg5 {[%clk 0:16:01]} cxd4
{[%clk 0:18:06]} 17. cxd4 {[%clk 0:16:08]} Qb6 {[%clk 0:18:15]} 18. Rf3
{[%clk 0:15:51]} g6 {[%clk 0:17:46]} 19. Bxg6 {[%clk 0:07:14]} fxg6
{[%clk 0:17:50]} 20. Qxg6 {[%clk 0:06:17]} Rxf3 {[%clk 0:17:31]} 21. Qh6+
{[%clk 0:04:10]} Kg8 {[%clk 0:17:40]} 22. Qxe6+ {[%clk 0:04:02]} Rf7
{[%clk 0:16:33]} 23. g6 {[%clk 0:04:07]} Ndxe5 {[%clk 0:16:08]} 24. gxf7+
{[%clk 0:03:15]} Nxf7 {[%clk 0:16:17]} 25. Qxd5 {[%clk 0:02:32]} Bb7
{[%clk 0:16:12]} 26. Qe4 {[%clk 0:02:01]} Na5 {[%clk 0:14:16]} 27. Qg4+
{[%clk 0:02:08]} Kf8 {[%clk 0:14:16]} 28. Qe2 {[%clk 0:01:52]} Re8
{[%clk 0:13:46]} 29. Qf2 {[%clk 0:01:40]} Qg6 {[%clk 0:13:24]} 30. g3
{[%clk 0:01:10]} Qc6 {[%clk 0:13:31]} 31. Qd2 {[%clk 0:00:37]} Qh1+
{[%clk 0:13:25]} 32. Kf2 {[%clk 0:00:46]} Qf3+ {[%clk 0:13:29]} 33. Ke1
{[%clk 0:00:41]} Rxe3+ {[%clk 0:13:38]} 34. Qxe3 Qxe3+ {[%clk 0:13:47]} 35. Kd1
{[%clk 0:00:56]} Bf3+ {[%clk 0:13:53]} 36. Kc2 {[%clk 0:01:04]} b3+
{[%clk 0:13:58]} 37. axb3 {[%clk 0:01:10]} Qxb3+ {[%clk 0:14:04]} 38. Kd2
{[%clk 0:01:18]} Qxb2+ {[%clk 0:14:12]} 39. Ke3 Qxa1 {[%clk 0:14:19]} 40. Kxf3
{[%clk 0:01:36]} Qxb1 {[%clk 0:14:24]} 41. Kf4 {[%clk 0:01:44]} Qg6
{[%clk 0:14:29]} 42. d5 {[%clk 0:01:52]} Qg5+ {[%clk 0:14:37]} 43. Ke4
{[%clk 0:02:01]} Qe5+ {[%clk 0:14:44]} 44. Kf3 {[%clk 0:02:08]} Nc4
{[%clk 0:14:37]} 45. h4 {[%clk 0:02:14]} Qe3+ {[%clk 0:14:56]} 46. Kg2
{[%clk 0:02:23]} Nfe5 {[%clk 0:15:04]} 47. Kh3 Qf3 {[%clk 0:15:07]} 48. d6
{[%clk 0:02:39]} Ne3 {[%clk 0:15:11]} 49. h5 {[%clk 0:02:37]} Qxh5# 0-1

[Event "MESRRK"]
[Site "?"]
[Date "2018.05.27"]
[Round "7.13"]
[White "Visvader, Kristof"]
[Black "Buchta, Bartolomej"]
[Result "0-1"]
[BlackElo "1405"]
[WhiteElo "1280"]
[LiveChessVersion "1.4.8"]

1. e4 {[%clk 0:20:18]} c5 {[%clk 0:20:19]} 2. Nf3 {[%clk 0:20:27]} d6
{[%clk 0:20:28]} 3. d4 {[%clk 0:20:35]} cxd4 {[%clk 0:20:37]} 4. Nxd4
{[%clk 0:20:42]} Nf6 {[%clk 0:20:45]} 5. Nc3 {[%clk 0:20:50]} a6 {[%clk 0:20:54]}
6. f3 {[%clk 0:20:54]} e6 {[%clk 0:21:03]} 7. Bg5 {[%clk 0:20:57]} Be7
{[%clk 0:21:11]} 8. Bc4 {[%clk 0:20:49]} b5 {[%clk 0:21:18]} 9. Be2
{[%clk 0:20:50]} Bb7 {[%clk 0:21:16]} 10. Qd3 {[%clk 0:20:26]} Nbd7
{[%clk 0:21:17]} 11. h4 {[%clk 0:20:10]} h6 {[%clk 0:21:10]} 12. Bxf6
{[%clk 0:20:10]} Bxf6 {[%clk 0:21:13]} 13. g3 {[%clk 0:20:03]} Qc7
{[%clk 0:20:29]} 14. Nb3 {[%clk 0:14:35]} b4 {[%clk 0:19:30]} 15. Nd1
{[%clk 0:14:31]} d5 {[%clk 0:19:14]} 16. exd5 {[%clk 0:14:30]} Qxg3+
{[%clk 0:19:13]} 17. Kd2 {[%clk 0:14:32]} Bxd5 {[%clk 0:18:50]} 18. Ne3
{[%clk 0:13:54]} Ne5 {[%clk 0:17:45]} 19. Rag1 {[%clk 0:13:46]} Qf4
{[%clk 0:16:15]} 20. Rg2 {[%clk 0:12:45]} Nxd3 {[%clk 0:16:21]} 21. Kxd3
{[%clk 0:12:39]} Bxb3 {[%clk 0:16:19]} 22. cxb3 {[%clk 0:12:46]} Rd8+
{[%clk 0:16:26]} 23. Kc2 {[%clk 0:12:52]} Qxe3 {[%clk 0:16:32]} 24. Bc4
{[%clk 0:12:38]} Qxf3 {[%clk 0:16:05]} 25. Rhh2 {[%clk 0:12:20]} Qe4+
{[%clk 0:16:10]} 26. Kc1 {[%clk 0:12:24]} Qe1+ {[%clk 0:16:08]} 27. Kc2
{[%clk 0:12:29]} Qd1# {[%clk 0:16:12]} 0-1

[Event "MESRRK"]
[Site "?"]
[Date "2018.05.27"]
[Round "7.14"]
[White "Petrecz, Akos"]
[Black "Vargosko, Juraj"]
[Result "1/2-1/2"]
[BlackElo "1430"]
[WhiteElo "1224"]
[LiveChessVersion "1.4.8"]

1. e4 {[%clk 0:20:18]} e5 {[%clk 0:20:16]} 2. Nf3 {[%clk 0:20:25]} Nc6
{[%clk 0:20:24]} 3. d4 {[%clk 0:20:33]} exd4 {[%clk 0:20:30]} 4. Nxd4
{[%clk 0:20:41]} Bc5 {[%clk 0:20:37]} 5. Nxc6 {[%clk 0:20:45]} bxc6
{[%clk 0:20:43]} 6. Bc4 {[%clk 0:20:46]} Ne7 {[%clk 0:19:33]} 7. Bg5
{[%clk 0:20:06]} d6 {[%clk 0:18:28]} 8. O-O {[%clk 0:19:30]} O-O {[%clk 0:17:23]}
9. Nc3 {[%clk 0:18:31]} Qd7 {[%clk 0:15:55]} 10. Qd2 {[%clk 0:17:00]} Ng6
{[%clk 0:15:17]} 11. Rad1 {[%clk 0:15:35]} h6 {[%clk 0:14:01]} 12. Be3
{[%clk 0:14:40]} Bxe3 {[%clk 0:12:55]} 13. Qxe3 {[%clk 0:14:42]} Qe7
{[%clk 0:12:52]} 14. Qd2 {[%clk 0:13:10]} Be6 {[%clk 0:12:35]} 15. Bxe6
{[%clk 0:12:21]} Qxe6 {[%clk 0:12:40]} 16. f3 {[%clk 0:11:23]} Rab8
{[%clk 0:12:04]} 17. b3 {[%clk 0:10:41]} Rfd8 {[%clk 0:10:27]} 18. Ne2
{[%clk 0:09:30]} c5 {[%clk 0:07:27]} 19. Qd5 {[%clk 0:08:25]} Qxd5
{[%clk 0:07:01]} 20. Rxd5 {[%clk 0:08:23]} Ne5 {[%clk 0:06:21]} 21. c4
{[%clk 0:08:00]} a5 {[%clk 0:05:40]} 22. Nc3 {[%clk 0:07:40]} Nc6
{[%clk 0:05:01]} 23. Rd2 {[%clk 0:05:51]} Nd4 {[%clk 0:04:46]} 24. Kf2
{[%clk 0:04:40]} Kf8 {[%clk 0:04:37]} 25. Rb1 {[%clk 0:03:17]} c6
{[%clk 0:03:10]} 26. Ke3 {[%clk 0:02:29]} Ke7 {[%clk 0:02:47]} 27. Rbb2
{[%clk 0:02:15]} Kf6 {[%clk 0:02:34]} 28. g3 {[%clk 0:01:52]} Re8
{[%clk 0:02:15]} 29. Kf2 {[%clk 0:01:35]} Red8 {[%clk 0:01:44]} 30. Ke3
{[%clk 0:01:43]} Ke6 {[%clk 0:01:40]} 1/2-1/2

[Event "MESRRK"]
[Site "?"]
[Date "2018.05.27"]
[Round "7.15"]
[White "Elias, David"]
[Black "Polomsky, Tomas"]
[Result "1-0"]
[BlackElo "1254"]
[WhiteElo "1380"]
[LiveChessVersion "1.4.8"]

1. d4 {[%clk 0:20:18]} Nf6 {[%clk 0:20:19]} 2. Nf3 {[%clk 0:20:14]} e6
{[%clk 0:19:40]} 3. e3 {[%clk 0:20:15]} c5 {[%clk 0:18:55]} 4. c3
{[%clk 0:20:06]} d5 {[%clk 0:18:32]} 5. Bd3 {[%clk 0:19:51]} Nc6 {[%clk 0:17:42]}
6. Nbd2 {[%clk 0:19:51]} cxd4 {[%clk 0:15:43]} 7. cxd4 {[%clk 0:19:56]} Bd6
{[%clk 0:14:52]} 8. e4 {[%clk 0:19:53]} dxe4 {[%clk 0:13:59]} 9. Nxe4
{[%clk 0:19:59]} Nxe4 {[%clk 0:12:31]} 10. Bxe4 {[%clk 0:20:06]} Bb4+
{[%clk 0:12:40]} 11. Bd2 {[%clk 0:19:37]} Bxd2+ {[%clk 0:12:18]} 12. Qxd2
{[%clk 0:19:44]} O-O {[%clk 0:11:22]} 13. Bxc6 {[%clk 0:19:31]} bxc6
{[%clk 0:11:29]} 14. O-O {[%clk 0:19:37]} Qd5 {[%clk 0:11:06]} 15. b3
{[%clk 0:19:25]} Rd8 {[%clk 0:11:01]} 16. Rac1 {[%clk 0:18:27]} Bb7
{[%clk 0:10:38]} 17. Rfe1 {[%clk 0:18:02]} f6 {[%clk 0:09:37]} 18. Qe3
{[%clk 0:17:32]} Rd7 {[%clk 0:09:27]} 19. Qxe6+ {[%clk 0:17:19]} Qxe6
{[%clk 0:09:26]} 20. Rxe6 {[%clk 0:17:27]} Rad8 {[%clk 0:09:15]} 21. Rce1
{[%clk 0:17:04]} Kf7 {[%clk 0:09:05]} 22. h3 {[%clk 0:16:59]} h6 {[%clk 0:08:05]}
23. Kh2 {[%clk 0:16:36]} Ba8 {[%clk 0:06:33]} 24. R6e3 {[%clk 0:16:20]} Kf8
{[%clk 0:05:46]} 25. Kg3 {[%clk 0:15:39]} g5 {[%clk 0:04:54]} 26. h4
{[%clk 0:15:24]} Kf7 {[%clk 0:04:38]} 27. hxg5 {[%clk 0:15:16]} hxg5
{[%clk 0:04:37]} 28. Rh1 {[%clk 0:15:18]} Kg6 {[%clk 0:04:39]} 29. Re6
{[%clk 0:14:42]} Kf7 {[%clk 0:04:06]} 30. Re3 {[%clk 0:14:12]} Kg6
{[%clk 0:03:54]} 31. Rc3 {[%clk 0:13:56]} f5 {[%clk 0:03:39]} 32. Ne5+
{[%clk 0:14:02]} Kf6 {[%clk 0:03:47]} 33. Nxd7+ {[%clk 0:14:04]} Rxd7
{[%clk 0:03:56]} 34. Rd1 {[%clk 0:13:59]} Rh7 {[%clk 0:03:36]} 35. Rc5
{[%clk 0:13:50]} g4 {[%clk 0:03:21]} 36. Re1 {[%clk 0:13:45]} Kg5
{[%clk 0:02:36]} 37. Ree5 {[%clk 0:13:38]} Rf7 {[%clk 0:02:43]} 38. f4+
{[%clk 0:13:13]} gxf3 {[%clk 0:02:44]} 39. gxf3 {[%clk 0:13:16]} Bb7
{[%clk 0:02:36]} 40. a4 {[%clk 0:13:06]} Rf6 {[%clk 0:02:37]} 41. b4
{[%clk 0:12:48]} Bc8 {[%clk 0:02:42]} 42. b5 {[%clk 0:12:53]} Bd7
{[%clk 0:02:49]} 43. bxc6 {[%clk 0:12:47]} Bxc6 {[%clk 0:02:54]} 44. a5
{[%clk 0:12:52]} Kg6 {[%clk 0:02:23]} 45. Kf4 {[%clk 0:12:48]} Bd7
{[%clk 0:02:28]} 46. d5 {[%clk 0:11:56]} Rd6 {[%clk 0:02:16]} 47. Rc7
{[%clk 0:11:42]} a6 {[%clk 0:02:22]} 48. Re7 {[%clk 0:11:07]} Bb5
{[%clk 0:01:40]} 49. Re6+ {[%clk 0:10:58]} Rxe6 {[%clk 0:01:45]} 50. dxe6
{[%clk 0:11:06]} Kf6 {[%clk 0:01:54]} 51. e7 {[%clk 0:11:12]} Ke6
{[%clk 0:01:53]} 52. Rb7 {[%clk 0:11:09]} Kf7 {[%clk 0:01:44]} 53. Kxf5
{[%clk 0:11:06]} Bd3+ {[%clk 0:01:52]} 54. Ke5 {[%clk 0:11:10]} Bb5
{[%clk 0:02:01]} 55. Kd6 {[%clk 0:11:12]} Be8 {[%clk 0:02:06]} 56. Rb8
{[%clk 0:10:53]} 1-0

[Event "MESRRK"]
[Site "?"]
[Date "2018.05.27"]
[Round "7.16"]
[White "Labyk, Illia"]
[Black "Sowinski, Wojciech"]
[Result "1-0"]
[BlackElo "1115"]
[WhiteElo "1314"]
[LiveChessVersion "1.4.8"]

1. e4 {[%clk 0:20:12]} c5 {[%clk 0:20:19]} 2. Nc3 {[%clk 0:20:19]} e6
{[%clk 0:20:28]} 3. f4 {[%clk 0:20:28]} a6 {[%clk 0:20:36]} 4. Nf3
{[%clk 0:20:32]} Qc7 {[%clk 0:20:44]} 5. d3 {[%clk 0:20:38]} b5 {[%clk 0:20:53]}
6. Be2 {[%clk 0:20:39]} Bb7 {[%clk 0:21:01]} 7. O-O {[%clk 0:20:45]} d6
{[%clk 0:21:19]} 8. b3 {[%clk 0:20:25]} Nd7 {[%clk 0:21:23]} 9. Bb2
{[%clk 0:20:34]} Ngf6 {[%clk 0:21:31]} 10. Re1 {[%clk 0:19:35]} Be7
{[%clk 0:21:28]} 11. a4 {[%clk 0:19:19]} b4 {[%clk 0:21:31]} 12. Nb1
{[%clk 0:19:26]} O-O {[%clk 0:21:22]} 13. Nbd2 {[%clk 0:19:33]} Nb6
{[%clk 0:21:18]} 14. e5 {[%clk 0:18:18]} Nfd5 {[%clk 0:21:01]} 15. a5
{[%clk 0:17:55]} Nd7 {[%clk 0:20:55]} 16. Nc4 {[%clk 0:18:01]} dxe5
{[%clk 0:20:26]} 17. Nfxe5 {[%clk 0:17:32]} f6 {[%clk 0:18:31]} 18. Nxd7
{[%clk 0:17:23]} Qxd7 {[%clk 0:18:39]} 19. Bf3 {[%clk 0:17:27]} Bd8
{[%clk 0:18:08]} 20. g3 {[%clk 0:15:20]} Bc7 {[%clk 0:17:43]} 21. Ne3
{[%clk 0:14:21]} Rad8 {[%clk 0:15:11]} 22. Nxd5 {[%clk 0:13:53]} Bxd5
{[%clk 0:15:07]} 23. Bxd5 {[%clk 0:13:12]} exd5 {[%clk 0:14:56]} 24. Qe2
{[%clk 0:11:56]} Rde8 {[%clk 0:12:53]} 25. Qf3 {[%clk 0:11:58]} Rxe1+
{[%clk 0:12:43]} 26. Rxe1 {[%clk 0:12:06]} Bxa5 {[%clk 0:12:48]} 27. Qe3
{[%clk 0:12:03]} Bb6 {[%clk 0:10:09]} 28. Qe6+ {[%clk 0:11:25]} Qxe6
{[%clk 0:10:15]} 29. Rxe6 {[%clk 0:11:34]} Rb8 {[%clk 0:10:24]} 30. Kf2
{[%clk 0:11:36]} Kf7 {[%clk 0:10:29]} 31. f5 {[%clk 0:11:19]} d4 {[%clk 0:09:23]}
32. Kf3 {[%clk 0:11:10]} a5 {[%clk 0:09:07]} 33. Bc1 {[%clk 0:11:05]} g6 34. g4
g5 {[%clk 0:08:38]} 35. Ke4 {[%clk 0:10:37]} Re8 {[%clk 0:08:17]} 36. Kd5
{[%clk 0:10:46]} Rxe6 {[%clk 0:08:06]} 37. fxe6+ {[%clk 0:10:54]} Ke7
{[%clk 0:08:15]} 38. h3 {[%clk 0:10:52]} h6 {[%clk 0:08:19]} 39. Bd2
{[%clk 0:10:55]} Bd8 {[%clk 0:07:55]} 40. Kxc5 {[%clk 0:10:41]} Kxe6
{[%clk 0:08:02]} 41. Kxd4 {[%clk 0:10:50]} Kd6 {[%clk 0:08:06]} 42. Be1
{[%clk 0:10:51]} Bb6+ {[%clk 0:08:10]} 43. Ke4 {[%clk 0:10:16]} Ke6
{[%clk 0:08:19]} 44. Bd2 {[%clk 0:10:24]} Bc5 {[%clk 0:08:19]} 45. Be3
{[%clk 0:10:32]} Bxe3 {[%clk 0:08:17]} 46. Kxe3 {[%clk 0:10:42]} Ke5
{[%clk 0:08:09]} 47. d4+ {[%clk 0:10:51]} Kd5 {[%clk 0:08:18]} 48. Kd3
{[%clk 0:11:01]} Kd6 {[%clk 0:08:25]} 49. Ke4 {[%clk 0:11:10]} Ke6
{[%clk 0:08:30]} 50. d5+ {[%clk 0:11:18]} Kd6 {[%clk 0:08:36]} 51. Kd4
{[%clk 0:11:12]} Kc7 {[%clk 0:08:33]} 52. Kc5 Kd7 {[%clk 0:08:23]} 53. d6
{[%clk 0:11:30]} Kc8 {[%clk 0:08:32]} 54. Kc6 {[%clk 0:10:58]} Kd8
{[%clk 0:08:39]} 55. d7 {[%clk 0:11:08]} f5 {[%clk 0:08:29]} 56. gxf5
{[%clk 0:11:17]} h5 {[%clk 0:08:38]} 57. f6 {[%clk 0:11:26]} 1-0